[Event "Memorial Day Classic"]
[Site "Loma Linda"]
[Date "2018.05.26"]
[Round "1"]
[White "Peters, Jack"]
[Black "Woo, Eric"]
[Result "1-0"]
[WhiteElo "2344"]
[BlackElo "1684"]
[PlyCount "61"]
[EventDate "2018.05.26"]
[EventType "swiss"]
[EventRounds "6"]
[EventCountry "USA"]
[SourceTitle "CBM 184 Extra"]
[Source "ChessBase"]
[SourceDate "2018.06.28"]
[SourceVersion "1"]
[SourceVersionDate "2018.06.28"]
[SourceQuality "1"]

1. e4 e6 2. d4 d5 3. Nd2 Nf6 4. e5 Nfd7 5. Bd3 c5 6. c3 Nc6 7. Ne2 cxd4 8. cxd4 f6 9. exf6 Nxf6 10. Nf3 Bd6 11. 0-0 Qc7 12. Bg5 0-0 13. Rc1 Ng4 14. h3 Nh2 15. Nxh2 Bxh2+ 16. Kh1 Bd6 17. Bb1 Bd7 18. Qd3 g6 19. h4 Be8 20. g3 Qg7 21. Qe3 Qd7 22. Nf4 Bf7 23. Nd3 Qc7 24. Bf6 Rac8 25. Ne5 Bxe5 26. dxe5 Be8 27. h5 Rxf6 28. exf6 Qf7 29. Qg5 Bd7 30. hxg6 hxg6 31. Bxg6 1-0